000 00481nam a2200169Ia 4500
005 20250508155646.0
008 008 250505s9999 xx 000 0 eng d
037 _aBooks to be hide in OPAC
040 _aFEDL
_beng
_cFEDL
041 _aeng
_2eng
084 _a370.6, FOR/O
_qFEDL
245 0 _aFord foundation annual report October 1, 1967 to September 30, 1968
260 _c1969
300 _a156p.
942 _cHB
_h370.6, FOR/O
999 _c1358582
_d1358582